| 000 | 00521cam a2200193ua 4500 | ||
|---|---|---|---|
| 001 | 2485 | ||
| 005 | 20260515113515.0 | ||
| 008 | 110823n ii |||gr||||Z||||||asm | ||
| 040 | _cMAIN | ||
| 082 | _a398.09145 | ||
| 100 | 1 | _aSharma, Debabrata, | |
| 245 | 1 |
_aAsamiya jatigathan prakiya aru jatiya janagustigata anisthanhamuh _cby Beevabrata Sharma |
|
| 250 | _a2nd. | ||
| 260 |
_aJorhat: _bEkalavya prakashan, _c2007. |
||
| 300 |
_a616p: _bill; _c23cm. |
||
| 653 | _aFolklore | ||
| 653 | _aAssamese Culture | ||
| 942 | _cBK | ||
| 999 |
_c2338 _d2338 |
||